|
|
|
|
| LEADER |
00000cam a2200000 a 4500 |
| 001 |
54517 |
| 005 |
20230308171349.0 |
| 008 |
000000|1966 ||||||||r|||||||||||spa|| |
| 040 |
|
|
|b spa
|
| 041 |
1 |
|
|a eng
|
| 082 |
0 |
|
|a 986.65
|
| 100 |
1 |
|
|a Bowman. Robert I.
|9 61155
|
| 245 |
1 |
1 |
|a The Galápagos
|c Robert I. Bowman
|h imp
|
| 264 |
|
|
|a New York
|b Unersity of California
|c 1966
|
| 300 |
|
|
|a 318 páginas:
|b gra
|c 27.5 cm
|
| 504 |
|
|
|a incl. ref.
|
| 650 |
1 |
|
|a Galapagos
|9 7807
|
| 650 |
1 |
|
|a Islas galapagos
|9 10476
|
| 852 |
|
|
|a UC-CDJBV
|c TERCER PISO
|f Donación
|k margarita.gutierrez
|l 1
|m General
|p 00000000
|r 2
|t 54517
|y 147739
|b 0
|d CDRC
|e CDRC
|g 986.65 TERCER PISO
|z 0000-00-00
|
| 942 |
|
|
|c BK
|
| 999 |
|
|
|c 35811
|d 35811
|